NFL Draft 2024 - Statistics

General Stats
  • This quiz has been taken 5 times
  • The average score is 21 of 32
Answer Stats
Hint Answer % Correct
1.Bears Caleb Williams
100%
3.Patriots Drake Maye
100%
18.Bengals Amarius Mims
67%
12.Broncos Bo Nix
67%
13.Raiders Brock Bowers
67%
16.Seahawks Byron Murphy II
67%
21.Dolphins Chop Robinson
67%
17.Vikings Dallas Turner
67%
27.Cardinals Darius Robinson
67%
26.Buccaneers Graham Barton
67%
19.Rams Jared Verse
67%
2.Commanders Jayden Daniels
67%
7.Titans JC Latham
67%
10.Vikings J.J McCarthy
67%
5.Chargers Joe Alt
67%
25.Packers Jordan Morgan
67%
15.Colts Laiatu Latu
67%
6.Giants Malik Nabers
67%
4.Cardinals Marvin Harrison Jr
67%
8.Falcons Michael Penix Jr
67%
30.Ravens Nate Wiggins
67%
11.Jets Olu Fashanu
67%
22.Eagles Quinyon Mitchell
67%
31.49ers Ricky Pearsall
67%
9.Bears Rome Odunze
67%
14.Saints Taliese Fuaga
67%
24.Lions Terrion Arnold
67%
29.Cowboys Tyler Guyton
67%
32.Panthers Xavier Legette
67%
28.Chiefs Xavier Worthy
67%
23.Jaguars Brian Thomas Jr
33%
20.Steelers Troy Fautanu
33%
No matching quizzes found
Score Distribution
Percent of People with Each Score
Percentile by Number Answered
Your Score History
You have not taken this quiz